[Event "PRO League Stage"]
[Site "Chess.com INT"]
[Date "2020.01.30"]
[Round "4"]
[White "Alessio Valsecchi"]
[Black "Arjun Erigaisi"]
[Result "0-1"]
[EventDate "?"]
[WhiteElo "2512"]
[BlackElo "2575"]
[Source "chessbites.com; date by Chess Assistant 21"]
[PlyCount "78"]

1. e4 c5 2. Nf3 d6 3. d4 cxd4 4. Nxd4 Nf6 5. Nc3 a6 6. Be2 e5 7. Nb3 Be7 8. O-O O-O 9. Be3 Be6 10. Qd3 Nc6 11. a3 d5 12. exd5 Nxd5 13. Nxd5 Qxd5 14. Rad1 Qxd3 15. Bxd3 Rfd8 16. Nc5 Bxc5 17. Bxc5 Rd7 18. Bb6 Kf8 19. Be4 Rxd1 20. Rxd1 Rc8 21. c3 f5 22. Bd5 Kf7 23. c4 Ne7 24. Bxe6+ Kxe6 25. b3 Rc6 26. Bd8 Nc8 27. f3 Nd6 28. Ba5 b5 29. cxb5 Nxb5 30. Bb4 Nd4 31. Rd2 a5 32. Bf8 Kf7 33. f4 Kxf8 34. fxe5 Nxb3 35. Rd5 Rc5 36. Rd3 a4 37. Rd8+ Ke7 38. Rg8 Kf7 39. e6+ Kxg8 0-1

[Event "PRO League Stage"]
[Site "Chess.com INT"]
[Date "2020.01.23"]
[Round "3"]
[White "Michael Bezold"]
[Black "Arjun Erigaisi"]
[Result "0-1"]
[EventDate "?"]
[WhiteElo "2479"]
[BlackElo "2575"]
[Source "chessbites.com; date by Chess Assistant 21"]
[PlyCount "76"]

1. b3 d5 2. Bb2 Bg4 3. g3 c6 4. Bg2 Nd7 5. Nf3 Ngf6 6. O-O e6 7. d3 Bc5 8. Nbd2 Qe7 9. a3 a5 10. e4 O-O 11. Qe1 dxe4 12. dxe4 e5 13. Nc4 Bxf3 14. Bxf3 a4 15. b4 Qe6 16. Qe2 b5 17. Ne3 Bxe3 18. Qxe3 Rab8 19. Be2 c5 20. Rfd1 cxb4 21. axb4 Rfc8 22. Rd2 Rb7 23. f3 h5 24. Kg2 Rbc7 25. Bxb5 Rxc2 26. Bxa4 Rxd2+ 27. Qxd2 Nb6 28. Bb5 h4 29. Rc1 Ra8 30. Ra1 Rc8 31. Rc1 Ra8 32. Rc6 h3+ 33. Kf2 Qb3 34. Qc2 Qxb4 35. Rxb6 Ra2 36. Qc8+ Ne8 37. Qxe8+ Kh7 38. Qxe5 Rxb2+ 0-1

[Event "PRO League Stage"]
[Site "Chess.com INT"]
[Date "2020.01.23"]
[Round "3"]
[White "Arjun Erigaisi"]
[Black "Arik Braun"]
[Result "1-0"]
[EventDate "?"]
[WhiteElo "2575"]
[BlackElo "2605"]
[Source "chessbites.com; date by Chess Assistant 21"]
[PlyCount "128"]

1. Nf3 g6 2. d4 Bg7 3. e4 c6 4. Nc3 d5 5. e5 Nh6 6. Bf4 f6 7. exf6 exf6 8. Qe2+ Qe7 9. Qxe7+ Kxe7 10. h4 Bf5 11. O-O-O Nd7 12. Nd2 Nf7 13. Nb3 a5 14. Re1+ Kf8 15. Na4 h5 16. Nbc5 Nxc5 17. Nxc5 Bc8 18. Bd3 Bh6 19. g3 f5 20. Kd1 Bxf4 21. gxf4 Nd6 22. Re5 Kf7 23. Rhe1 Re8 24. f3 b6 25. Na4 Rb8 26. b3 Bd7 27. Kd2 Rxe5 28. fxe5 Ne8 29. c4 Nc7 30. Nc3 Rd8 31. cxd5 cxd5 32. Rc1 Be8 33. Na4 Ne6 34. Nxb6 Nxd4 35. Rc7+ Kf8 36. Ke3 Ne6 37. Ra7 d4+ 38. Kd2 Rb8 39. Nd5 a4 40. Bc4 axb3 41. Bxb3 Nc5 42. Nf6 Nxb3+ 43. axb3 Bc6 44. Rc7 Rb6 45. f4 Bb5 46. b4 Ra6 47. Rc5 Ra2+ 48. Kc1 Bd3 49. b5 Ra1+ 50. Kd2 Be4 51. Rc8+ Ke7 52. b6 Ra2+ 53. Kd1 Ra1+ 54. Rc1 Rxc1+ 55. Kxc1 Bb7 56. Kd2 Ke6 57. Kd3 g5 58. hxg5 h4 59. g6 Ke7 60. g7 Bd5 61. Nxd5+ Kf7 62. g8=Q+ Kxg8 63. b7 h3 64. b8=Q+ 1-0

[Event "Montebelluna Elite op"]
[Site "Montebelluna"]
[Date "2020.01.06"]
[Round "9"]
[White "Arjun Erigaisi"]
[Black "Antonio Loiacono"]
[Result "1-0"]
[EventDate "?"]
[WhiteElo "2575"]
[BlackElo "2295"]
[Source "chessbites.com; date by Chess Assistant 21"]
[PlyCount "70"]

1. Nf3 Nf6 2. d4 d5 3. c4 c6 4. Nc3 e6 5. Bg5 h6 6. Bh4 dxc4 7. e4 g5 8. Bg3 b5 9. Ne5 Bb7 10. Be2 Nbd7 11. Qc2 h5 12. h4 gxh4 13. Rxh4 Nxe5 14. Bxe5 Nd7 15. Bg3 Qg5 16. a4 a6 17. Kf1 Rc8 18. Qd1 b4 19. Nb1 c5 20. Nd2 cxd4 21. Nxc4 Nf6 22. Qd3 Be7 23. Bf3 Kf8 24. Re1 Qc5 25. b3 Nd7 26. Rf4 h4 27. Bh2 Ke8 28. e5 Bxf3 29. Qxf3 Rf8 30. a5 Nb8 31. Rc1 Qb5 32. Rxd4 Nc6 33. Rd3 Rd8 34. Rd5 Rd7 35. Rxd7 1-0

[Event "Montebelluna Elite 2020"]
[Site "Montebelluna ITA"]
[Date "2020.01.05"]
[Round "8.3"]
[White "Erigaisi Arjun"]
[Black "Francesco Sonis"]
[Result "0-1"]
[EventDate "?"]
[WhiteElo "2575"]
[BlackElo "2458"]
[PlyCount "70"]

1. d4 d5 2. c4 c6 3. Nc3 Nf6 4. e3 a6 5. Nf3 Bf5 6. Qb3 b5 7. cxd5 cxd5 8. a4 b4 9. Qxb4 Nc6 10. Qc5 Bd7 11. Nxd5 e5 12. Nxf6+ gxf6 13. Qc2 Nb4 14. Qd1 Bf5 15. Nh4 Bc2 16. Qd2 Rc8 17. Ra3 Nd5 18. Rc3 Bb4 19. Qxc2 Nxc3 20. Bd2 Nd5 21. Qe4 Qa5 22. Nf3 Bxd2+ 23. Nxd2 Rc1+ 24. Ke2 Qxa4 25. Kf3 Qd1+ 26. Be2 Qxh1 27. Qxd5 O-O 28. Kg3 Kh8 29. Bf3 Rcc8 30. Ne4 Rg8+ 31. Kh3 Rg6 32. Qxf7 Rh6+ 33. Bh5 Rg8 34. Ng3 Qd1 35. d5 Qg4# 0-1

[Event "Montebelluna Elite op"]
[Site "Montebelluna"]
[Date "2020.01.04"]
[Round "5"]
[White "Arjun Erigaisi"]
[Black "Gabriel Gaehwiler"]
[Result "1-0"]
[EventDate "?"]
[WhiteElo "2575"]
[BlackElo "2394"]
[Source "chessbites.com; date by Chess Assistant 21"]
[PlyCount "78"]

1. e4 e5 2. Nf3 Nf6 3. d4 Nxe4 4. Bd3 d5 5. Nxe5 Nd7 6. Nc3 Nxe5 7. dxe5 Nxc3 8. bxc3 Bc5 9. Qh5 c6 10. Rb1 b6 11. O-O Be6 12. c4 dxc4 13. Be4 Qc7 14. Bg5 h6 15. Rbe1 Rg8 16. Qf3 Rc8 17. Bh4 Be7 18. Bg3 Rd8 19. Bxc6+ Kf8 20. Bf4 g5 21. Bc1 Kg7 22. Be4 c3 23. Re3 Rd4 24. Rxc3 Qxc3 25. Qxc3 Rxe4 26. f4 Rc8 27. Qf3 Rcc4 28. fxg5 hxg5 29. h3 g4 30. Qd3 Red4 31. Qe2 Re4 32. Qd2 Re3 33. Kh1 Rce4 34. Qxe3 Rxe3 35. Bxe3 gxh3 36. gxh3 Bxh3 37. Rf4 Bd7 38. Rc4 Be6 39. Ra4 1-0

[Event "Montebelluna Elite op"]
[Site "Montebelluna"]
[Date "2020.01.03"]
[Round "3"]
[White "Arjun Erigaisi"]
[Black "Isik Can"]
[Result "1-0"]
[EventDate "?"]
[WhiteElo "2575"]
[BlackElo "2374"]
[Source "chessbites.com; date by Chess Assistant 21"]
[PlyCount "78"]

1. Nf3 d5 2. c4 c6 3. e3 Bg4 4. Qb3 Qc7 5. Ne5 Be6 6. d4 Nd7 7. Nxd7 Bxd7 8. Nc3 e6 9. e4 dxe4 10. Nxe4 Be7 11. g3 Nf6 12. Bg2 Qb6 13. Qd3 Bb4+ 14. Ke2 Be7 15. c5 Qd8 16. Bf4 O-O 17. Nxf6+ Bxf6 18. Be4 h6 19. h4 Be7 20. Qc3 f5 21. Bc2 Be8 22. Be5 Bf6 23. Rad1 b5 24. f3 a5 25. Kf2 a4 26. Rhe1 Bf7 27. b3 axb3 28. Bxb3 Re8 29. Qc1 Ra7 30. Kg2 Be7 31. Kh3 Bf6 32. Rg1 Rd7 33. Qf4 Bxe5 34. dxe5 Rd3 35. g4 fxg4+ 36. Qxg4 g6 37. Bc2 h5 38. Qxh5 Rxd1 39. Bxg6 Rd4 1-0

[Event "Montebelluna Elite 2020"]
[Site "Montebelluna ITA"]
[Date "2020.01.02"]
[Round "1.3"]
[White "Erigaisi Arjun"]
[Black "Daniel Barrish"]
[Result "1-0"]
[EventDate "?"]
[WhiteElo "2575"]
[BlackElo "2352"]
[PlyCount "66"]

1. c4 e5 2. e3 Nf6 3. Nc3 Bb4 4. Nge2 O-O 5. a3 Be7 6. Qc2 d6 7. d4 a5 8. e4 c6 9. f3 Ne8 10. Be3 Bg5 11. Qd2 Bxe3 12. Qxe3 Nc7 13. O-O-O Qe7 14. Ng3 Nba6 15. f4 Rb8 16. fxe5 dxe5 17. d5 Qc5 18. Qxc5 Nxc5 19. Kc2 a4 20. Be2 Bd7 21. Nf5 g6 22. Nd6 Nb3 23. Nxa4 Nd4+ 24. Rxd4 exd4 25. Nb6 Rfd8 26. c5 cxd5 27. exd5 Ne8 28. Nxd7 Rxd7 29. Nxe8 Rxe8 30. Bb5 Red8 31. d6 b6 32. Bxd7 Rxd7 33. b4 1-0

[Event "Montebelluna Elite op"]
[Site "Montebelluna"]
[Date "2020.01.02"]
[Round "2"]
[White "Nikola Nikolovski"]
[Black "Arjun Erigaisi"]
[Result "0-1"]
[EventDate "?"]
[WhiteElo "2442"]
[BlackElo "2575"]
[Source "chessbites.com; date by Chess Assistant 21"]
[PlyCount "68"]

1. e4 c6 2. Nc3 d5 3. Qf3 e5 4. exd5 Nf6 5. dxc6 Nxc6 6. Bb5 Bd7 7. d3 a6 8. Bxc6 Bxc6 9. Qh3 Nd5 10. Bd2 Qb6 11. O-O-O Bb4 12. Nxd5 Bxd5 13. Qg4 Bxd2+ 14. Rxd2 O-O 15. Nf3 Bxa2 16. b3 Rac8 17. Kd1 e4 18. dxe4 Bxb3 19. cxb3 Qxb3+ 20. Ke2 f5 21. Qh4 Qb5+ 22. Ke1 Rc1+ 23. Rd1 Rxd1+ 24. Kxd1 Qb1+ 25. Ke2 Qxh1 26. Ng5 h6 27. Ne6 Rc8 28. Nd4 Qxg2 29. Nxf5 Rc2+ 30. Kd3 Rxf2 31. Qe7 Rf3+ 32. Kd4 Qf2+ 33. Kd5 Rxf5+ 34. exf5 Qxf5+ 0-1

[Event "Montebelluna Dec 2019"]
[Site "Montebelluna ITA"]
[Date "2019.12.30"]
[Round "7.6"]
[White "Erigaisi Arjun"]
[Black "Gleb Dudin"]
[Result "1-0"]
[EventDate "?"]
[WhiteElo "2544"]
[BlackElo "2345"]
[PlyCount "96"]

1. Nf3 Nf6 2. c4 e6 3. g3 b6 4. Bg2 Bb7 5. O-O c5 6. Nc3 Be7 7. d4 cxd4 8. Nxd4 Bxg2 9. Kxg2 d6 10. Qd3 a6 11. Rd1 Qc8 12. b3 Qb7+ 13. e4 Nbd7 14. f3 O-O 15. Bb2 Rfe8 16. Rac1 Bf8 17. Nc2 b5 18. Ne3 Ne5 19. Qe2 Rec8 20. Nb1 Nfd7 21. Na3 b4 22. Nac2 Nc5 23. Nd4 Nc6 24. Qd2 Ne5 25. Qc2 Ned7 26. Rd2 Nb6 27. Rcd1 d5 28. exd5 exd5 29. Ndf5 dxc4 30. bxc4 Ne6 31. Nd6 Qc6 32. Nxc8 Rxc8 33. Rc1 h5 34. h4 a5 35. Qf5 g6 36. Qxa5 Bh6 37. Nd5 Nxc4 38. Ne7+ Kf8 39. Nxc6 Nxa5 40. Nxa5 Ra8 41. f4 Rxa5 42. Rc8+ Ke7 43. Rb8 Rxa2 44. Bf6+ Kxf6 45. Rxa2 Bf8 46. Ra6 Bc5 47. Rb7 Bf8 48. Raa7 1-0

[Event "Montebelluna Cup 3rd"]
[Site "Montebelluna"]
[Date "2019.12.30"]
[Round "8"]
[White "Arjun Erigaisi"]
[Black "Gupta Sankalp"]
[Result "1-0"]
[EventDate "?"]
[WhiteElo "2544"]
[BlackElo "2365"]
[Source "chessbites.com; date by Chess Assistant 21"]
[PlyCount "70"]

1. d4 Nf6 2. c4 e6 3. g3 d5 4. Bg2 dxc4 5. Qa4+ Bd7 6. Qxc4 Bc6 7. Nf3 Bd6 8. O-O O-O 9. Bg5 Nbd7 10. Nbd2 h6 11. Bxf6 Qxf6 12. Qc2 Bxf3 13. Nxf3 e5 14. Rfd1 Rad8 15. Rac1 exd4 16. Nxd4 c6 17. Nf5 Bc7 18. Bh3 h5 19. Nxg7 Kxg7 20. Bxd7 h4 21. Bf5 Rh8 22. e3 hxg3 23. hxg3 Rde8 24. Be4 Qh6 25. Bg2 Be5 26. Qa4 Re6 27. Rc4 Rg6 28. Rg4 Bxb2 29. Rh4 Qg5 30. Rxh8 Kxh8 31. Qb3 Qf6 32. Qxb7 Be5 33. Qxa7 Kg7 34. Qc5 Qg5 35. Bxc6 1-0

[Event "Montebelluna Cup 3rd"]
[Site "Montebelluna"]
[Date "2019.12.29"]
[Round "5"]
[White "Arjun Erigaisi"]
[Black "Paolo Formento"]
[Result "1-0"]
[EventDate "?"]
[WhiteElo "2544"]
[BlackElo "2248"]
[Source "chessbites.com; date by Chess Assistant 21"]
[PlyCount "48"]

1. Nf3 c5 2. e4 Nc6 3. d4 cxd4 4. Nxd4 e5 5. Nb5 d6 6. c4 a6 7. N5c3 Be6 8. Na3 Be7 9. Nc2 Bg5 10. Be2 Bxc1 11. Rxc1 Nge7 12. Qd2 O-O 13. b3 Ng6 14. g3 f5 15. exf5 Bxf5 16. O-O Bxc2 17. Qxc2 Nd4 18. Qe4 Qg5 19. Rcd1 Nf4 20. Kh1 Nfxe2 21. Nxe2 Nf3 22. Ng1 Nd4 23. Qd5+ Kh8 24. Rxd4 1-0

[Event "Montebelluna Cup 3rd"]
[Site "Montebelluna"]
[Date "2019.12.28"]
[Round "3"]
[White "Arjun Erigaisi"]
[Black "Ahmet Utku Uzumcu"]
[Result "1-0"]
[EventDate "?"]
[WhiteElo "2544"]
[BlackElo "2282"]
[Source "chessbites.com; date by Chess Assistant 21"]
[PlyCount "50"]

1. c4 Nf6 2. Nc3 c5 3. g3 g6 4. Bg2 Bg7 5. Nf3 Nc6 6. d4 cxd4 7. Nxd4 O-O 8. O-O Nxd4 9. Qxd4 d6 10. Qd3 Bf5 11. e4 Be6 12. b3 Nd7 13. Be3 Qa5 14. Bd4 Bxd4 15. Qxd4 Qc5 16. Qd2 a6 17. Rac1 Rac8 18. Kh1 Qh5 19. f4 Bh3 20. Nd5 Bxg2+ 21. Qxg2 Rce8 22. g4 Qh6 23. g5 Qg7 24. h4 f6 25. Nc7 1-0

[Event "Sunway Sitges International Open"]
[Site "Sitges ESP"]
[Date "2019.12.19"]
[Round "7.7"]
[White "Daniele Vocaturo"]
[Black "Arjun Erigaisi"]
[Result "1/2-1/2"]
[EventDate "2019.12.13"]
[WhiteElo "2627"]
[BlackElo "2544"]
[PlyCount "150"]

1. d4 Nf6 2. c4 e6 3. Nf3 d5 4. Nc3 c6 5. Bg5 h6 6. Bh4 dxc4 7. e4 g5 8. Bg3 b5 9. Ne5 Nbd7 10. Be2 Bb7 11. Qc2 h5 12. h4 gxh4 13. Bxh4 Be7 14. O-O-O Nxe5 15. dxe5 Nd7 16. Qd2 Bxh4 17. Rxh4 Qe7 18. Qf4 O-O-O 19. Rxh5 Rxh5 20. Bxh5 Nc5 21. Rxd8+ Qxd8 22. Be2 b4 23. Nd1 b3 24. a3 Nd3+ 25. Bxd3 Qxd3 26. Qd2 Qxe4 27. Ne3 Qxe5 28. Nxc4 Qc5 29. Qb4 Qxb4 30. axb4 c5 31. bxc5 Bxg2 32. Nd6+ Kc7 33. Nxf7 Kc6 34. Nd8+ Kd7 35. Nf7 Kc6 36. Nd8+ Kd5 37. c6 e5 38. c7 Bh3 39. Kd2 e4 40. Nf7 Kc6 41. Ng5 Bf5 42. Nxe4 Kxc7 43. Nc5 Kc6 44. Nxb3 Kd5 45. Kc3 a6 46. Kb4 Bd3 47. Ka5 Bc4 48. Nd2 Be2 49. Kb6 Kd4 50. Nb3+ Ke4 51. Ka5 Bb5 52. Kb4 Be2 53. Nd2+ Kd4 54. Ka5 Kd3 55. Nb3 Ke4 56. Kb6 Kf4 57. Nd2 Bb5 58. b4 Bd3 59. Kc6 Bb5+ 60. Kc7 Bd3 61. Kb6 Kg4 62. Kc6 Kf4 63. Kc5 Bb5 64. Nb3 Bd3 65. Kb6 Kf3 66. Nc5 Be2 67. Nxa6 Kxf2 68. Nc7 Ke3 69. Nb5 Kd2 70. Kc5 Bf1 71. Nd6 Kc3 72. Ne4+ Kc2 73. Nf6 Kc3 74. Nd5+ Kb3 75. b5 Bxb5 1/2-1/2

[Event "Sunway Sitges International Open"]
[Site "Sitges ESP"]
[Date "2019.12.18"]
[Round "6.9"]
[White "Arjun Erigaisi"]
[Black "Sethuraman P Sethuraman"]
[Result "1-0"]
[EventDate "2019.12.13"]
[WhiteElo "2544"]
[BlackElo "2638"]
[PlyCount "129"]

1. d4 f5 2. Nc3 Nf6 3. Bg5 d5 4. Bxf6 exf6 5. e3 Be6 6. Bd3 Qd7 7. Nce2 Nc6 8. c3 Bd6 9. Qc2 Ne7 10. Nf3 c6 11. Nd2 g6 12. O-O Qc7 13. Kh1 h5 14. c4 Qd7 15. c5 Bc7 16. b4 h4 17. b5 cxb5 18. Rab1 Kf7 19. Bxb5 Nc6 20. Ba4 Rab8 21. Rb2 Qc8 22. f4 h3 23. g3 Kg7 24. Nc3 Bf7 25. Nb5 Re8 26. Qd3 Re7 27. Kg1 Qe6 28. Kf2 Na5 29. Bd1 Nc4 30. Nxc7 Rxc7 31. Nxc4 dxc4 32. Qd2 Qc6 33. Bf3 Bd5 34. Qd1 Re8 35. Bxd5 Qxd5 36. Qf3 Re4 37. Re2 b6 38. cxb6 axb6 39. g4 Qe6 40. Rg1 c3 41. Rc2 fxg4 42. Qxg4 f5 43. d5 Qf6 44. Qxh3 b5 45. a3 Ra4 46. Qf1 Rcc4 47. Qb1 Qb6 48. Kf3 Qc5 49. Qd1 Rxa3 50. Qd3 Kf7 51. h4 Qe7 52. h5 Qe4+ 53. Qxe4 fxe4+ 54. Kg4 Ra6 55. f5 gxf5+ 56. Kxf5 Rh6 57. Rg5 b4 58. Ke5 Rh7 59. h6 b3 60. Rf2+ Ke7 61. Rg7+ Rxg7 62. hxg7 Rc8 63. d6+ Kd7 64. Rf7+ Kc6 65. Rf8 1-0

[Event "El Prat de Llobregat op-A playoff2 1st"]
[Site "El Prat de Llobregat"]
[Date "2019.12.12"]
[Round "10"]
[White "Arjun Erigaisi"]
[Black "Harshit Raja"]
[Result "1-0"]
[EventDate "?"]
[WhiteElo "2544"]
[BlackElo "2447"]
[Source "chessbites.com; date by Chess Assistant 21"]
[PlyCount "102"]

1. d4 Nf6 2. Nf3 d5 3. c4 e6 4. g3 Be7 5. Bg2 O-O 6. O-O dxc4 7. Ne5 Nc6 8. Nxc6 bxc6 9. Na3 Bxa3 10. bxa3 Nd5 11. Qa4 Nc3 12. Qc2 Nb5 13. e3 Nd6 14. a4 Rb8 15. Ba3 Qg5 16. Bc5 Rb6 17. Bxb6 cxb6 18. Bxc6 Ba6 19. Rfc1 Rc8 20. Bg2 h5 21. Qc3 h4 22. e4 h3 23. Bxh3 Nxe4 24. Qe3 Qxe3 25. fxe3 c3 26. a5 bxa5 27. Bf1 Bxf1 28. Kxf1 Rb8 29. Ke2 Rb2+ 30. Kd3 f5 31. Rc2 Rb4 32. g4 a4 33. a3 Rb3 34. h4 Kf7 35. h5 Kf6 36. gxf5 exf5 37. Rg2 c2+ 38. Kxc2 Rxe3 39. Rg6+ Kf7 40. Rb1 Re2+ 41. Kd3 Ra2 42. Rb7+ Kf8 43. Rb8+ Kf7 44. Rb7+ Kf8 45. Rbxg7 Rxa3+ 46. Kc4 Rc3+ 47. Kd5 a3 48. Rxa7 Rb3 49. Rc6 Rb8 50. Rxa3 Ke7 51. Ra7+ 1-0

[Event "El Prat de Llobregat op-A playoff2 1st"]
[Site "El Prat de Llobregat"]
[Date "2019.12.12"]
[Round "11"]
[White "Harshit Raja"]
[Black "Arjun Erigaisi"]
[Result "0-1"]
[EventDate "?"]
[WhiteElo "2447"]
[BlackElo "2544"]
[Source "chessbites.com; date by Chess Assistant 21"]
[PlyCount "46"]

1. e4 c5 2. Nf3 e6 3. d4 cxd4 4. Nxd4 a6 5. Nc3 Qc7 6. g3 b5 7. Bg2 Bb7 8. O-O d6 9. Re1 Nd7 10. a4 bxa4 11. Rxa4 Be7 12. Qh5 g6 13. Qd1 Ngf6 14. Bh6 Bf8 15. Qc1 Nb6 16. Rb4 Qc5 17. Qg5 Bxh6 18. Qxh6 Qxb4 19. Nxe6 fxe6 20. Qg7 Nbd7 21. e5 Rg8 22. Qh6 dxe5 23. Bxb7 Qxb7 0-1

[Event "El Llobregat Open"]
[Site "El Prat de Llobregat ESP"]
[Date "2019.12.09"]
[Round "7.2"]
[White "Del Rio De Angelis, Salvador G"]
[Black "Erigaisi Arjun"]
[Result "1/2-1/2"]
[EventDate "2019.12.03"]
[WhiteElo "2507"]
[BlackElo "2544"]
[PlyCount "74"]

1. d4 Nf6 2. c4 e6 3. Nc3 Bb4 4. e3 b6 5. Bd3 Bb7 6. Nf3 O-O 7. O-O d5 8. cxd5 exd5 9. Ne5 Nbd7 10. f4 c5 11. Ne2 c4 12. Bc2 Qe7 13. Nc3 Rac8 14. Bd2 Rfd8 15. Be1 Ne4 16. Qg4 Bxc3 17. bxc3 f6 18. Nxd7 Qxd7 19. Qxd7 Rxd7 20. Bxe4 dxe4 21. Rf2 Rd5 22. Rb2 Ra5 23. Rc1 Kf7 24. Rcc2 Ke6 25. Bg3 Ba6 26. Kf2 Rd8 27. Ke1 Rdd5 28. Kd1 Ra3 29. Kc1 h5 30. Be1 Rda5 31. Kb1 Bc8 32. Rf2 Bd7 33. Rb4 Kd5 34. Rbb2 Ba4 35. Rfe2 Ke6 36. Rf2 Bb3 37. Rfe2 1/2-1/2

[Event "El Llobregat Open"]
[Site "El Prat de Llobregat ESP"]
[Date "2019.12.03"]
[Round "1.8"]
[White "Le Goff, Ronan"]
[Black "Erigaisi Arjun"]
[Result "0-1"]
[EventDate "2019.12.03"]
[WhiteElo "2272"]
[BlackElo "2544"]
[PlyCount "86"]

1. d4 d5 2. Nf3 Nf6 3. e3 c5 4. Nbd2 e6 5. Bd3 b6 6. O-O Bb7 7. c3 Bd6 8. Re1 Ne4 9. Bb5+ Ke7 10. dxc5 Nxc5 11. b4 Ne4 12. Bb2 Nd7 13. c4 Bxb4 14. cxd5 Nxd2 15. Nxd2 a6 16. Bxd7 Qxd7 17. Qg4 Bxd2 18. Ba3+ Kd8 19. Qxg7 Re8 20. Red1 f5 21. Qf6+ Kc8 22. Rxd2 Bxd5 23. Rb1 b5 24. h3 Kb7 25. Bc5 Rac8 26. Bd4 Rg8 27. f3 Bxf3 28. a4 Be4 29. Ra1 b4 30. Qe5 Qc6 31. Raa2 b3 32. Rab2 Bd5 33. e4 fxe4 34. Be3 Ka8 35. Rf2 Qc3 36. Bd4 Qc1+ 37. Rf1 Qc7 38. Qh5 Rcf8 39. Rbf2 Rf3 40. Kh1 Rxf2 41. Rxf2 e3 42. Bxe3 Qg3 43. Qe2 Bxg2+ 0-1

[Event "Biel Master Open"]
[Site "Biel SUI"]
[Date "2019.07.30"]
[Round "8.7"]
[White "Gata Kamsky"]
[Black "Arjun Erigaisi"]
[Result "1-0"]
[EventDate "2019.07.22"]
[WhiteElo "2673"]
[BlackElo "2531"]
[PlyCount "96"]

1. Nf3 Nf6 2. g3 d5 3. Bg2 c6 4. d3 h6 5. O-O Bf5 6. b3 e6 7. Bb2 Be7 8. Nbd2 O-O 9. c4 a5 10. a3 Bh7 11. Qc2 Nbd7 12. Rfe1 b5 13. Rec1 Bc5 14. cxb5 cxb5 15. b4 axb4 16. Nb3 Be7 17. axb4 Bxb4 18. Nfd4 Rxa1 19. Rxa1 Qb6 20. Qc6 Rb8 21. Qxb6 Rxb6 22. Ra8+ Bf8 23. Na5 Nb8 24. f4 b4 25. Ndb3 Nfd7 26. Ra7 Nc5 27. Bd4 Ra6 28. Rc7 Nxb3 29. Nxb3 Rc6 30. Ra7 Bd6 31. Bf3 Bg6 32. Rb7 Rc2 33. Na5 Kh7 34. Rb6 Bc7 35. Rxb4 Bxa5 36. Rxb8 Bc3 37. Bxc3 Rxc3 38. Kf2 Rc7 39. g4 f6 40. Rd8 f5 41. Ke3 Rf7 42. Rd6 fxg4 43. Bxg4 Bf5 44. Bxf5+ exf5 45. h4 Re7+ 46. Kf3 h5 47. Rxd5 g6 48. Re5 Rd7 1-0

[Event "Biel Master Open"]
[Site "Biel SUI"]
[Date "2019.07.25"]
[Round "4.7"]
[White "Haik M Martirosyan"]
[Black "Arjun Erigaisi"]
[Result "1/2-1/2"]
[EventDate "2019.07.22"]
[WhiteElo "2619"]
[BlackElo "2531"]
[PlyCount "94"]

1. d4 d5 2. c4 c6 3. Nf3 Nf6 4. Nc3 e6 5. Bg5 h6 6. Bxf6 Qxf6 7. e3 Nd7 8. Bd3 dxc4 9. Bxc4 Bd6 10. O-O Qe7 11. Bb3 O-O 12. Rc1 e5 13. Qc2 Nf6 14. dxe5 Bxe5 15. h3 b6 16. Nxe5 Qxe5 17. e4 Be6 18. Bxe6 Qxe6 19. f4 Rad8 20. Rce1 Qc4 21. Qf2 Rd4 22. Rc1 Rd3 23. Rfe1 Qd4 24. Red1 Rd8 25. Rxd3 Qxf2+ 26. Kxf2 Rxd3 27. e5 Nd7 28. Ke2 Rg3 29. Kf2 Rd3 30. Ne4 c5 31. Ke2 Rd4 32. Ke3 g5 33. g3 f5 34. Nc3 gxf4+ 35. gxf4 Nf8 36. Rg1+ Kh7 37. Ne2 Re4+ 38. Kf3 Ne6 39. Rd1 Nd4+ 40. Nxd4 cxd4 41. Rd3 h5 42. Ra3 a5 43. h4 Kg7 44. Rb3 a4 45. Rxb6 Re3+ 46. Kf2 Re4 47. Rb7+ Kg6 1/2-1/2

[Event "Biel Master Open"]
[Site "Biel SUI"]
[Date "2019.07.24"]
[Round "3.18"]
[White "Arjun Erigaisi"]
[Black "Vera Nebolsina"]
[Result "1-0"]
[EventDate "2019.07.22"]
[WhiteElo "2531"]
[BlackElo "2269"]
[PlyCount "73"]

1. d4 Nf6 2. c4 g6 3. Nc3 d5 4. Nf3 Bg7 5. h4 c6 6. Bg5 Bg4 7. cxd5 Bxf3 8. gxf3 Nxd5 9. h5 h6 10. Bd2 g5 11. e3 e6 12. Rg1 Nd7 13. f4 Qe7 14. Qb3 N7f6 15. Be2 O-O-O 16. O-O-O Nxc3 17. Bxc3 Nd5 18. Ba5 Rdg8 19. fxg5 hxg5 20. Kb1 Kb8 21. Rc1 Rc8 22. Bd2 f5 23. Rc4 g4 24. f3 Rxh5 25. fxg4 Rh2 26. Qd3 Bh6 27. Be1 f4 28. e4 Ne3 29. Ra4 Rf8 30. Ba5 b6 31. Bc3 c5 32. Qa6 Qb7 33. dxc5 Qxa6 34. Rxa6 Rg2 35. Rc1 Nxg4 36. c6 f3 37. Be5+ 1-0

[Event "Astana op"]
[Site "Astana"]
[Date "2019.07.11"]
[Round "3"]
[White "Maxim Lugovskoy"]
[Black "Arjun Erigaisi"]
[Result "0-1"]
[EventDate "?"]
[WhiteElo "2425"]
[BlackElo "2531"]
[Source "chessbites.com; date by Chess Assistant 21"]
[PlyCount "58"]

1. e4 c5 2. c3 d6 3. d4 Nf6 4. dxc5 Nc6 5. f3 d5 6. exd5 Nxd5 7. Bc4 e6 8. Bxd5 exd5 9. Be3 b6 10. cxb6 Bd6 11. Ne2 O-O 12. O-O Ba6 13. Re1 Ne5 14. Ng3 Nc4 15. Bd4 Nxb2 16. Qc2 Nd3 17. Rd1 Nf4 18. Nd2 axb6 19. Ndf1 Re8 20. Ne3 h5 21. Kh1 g6 22. c4 Rc8 23. Qb2 Bxc4 24. Nxc4 Rxc4 25. Qb5 Rb4 26. Qc6 Rxd4 27. Rxd4 Be5 28. Ne2 Re6 29. Qb5 Nxe2 0-1

[Event "Astana op"]
[Site "Astana"]
[Date "2019.07.09"]
[Round "1"]
[White "Ospan Omarov"]
[Black "Arjun Erigaisi"]
[Result "0-1"]
[EventDate "?"]
[WhiteElo "2117"]
[BlackElo "2531"]
[Source "chessbites.com; date by Chess Assistant 21"]
[PlyCount "96"]

1. e4 c5 2. Nf3 e6 3. d3 d5 4. Nbd2 Nf6 5. g3 g6 6. Bg2 Bg7 7. O-O O-O 8. Re1 Nc6 9. Qe2 b6 10. Nf1 e5 11. Bg5 d4 12. Qd2 Qd6 13. Bh6 Ba6 14. Bxg7 Kxg7 15. b3 Nd7 16. Nh4 f6 17. h3 Ne7 18. Nh2 Bb7 19. Rf1 g5 20. N4f3 b5 21. h4 h6 22. hxg5 fxg5 23. Ng4 Ng6 24. Qe2 c4 25. Ne1 Rac8 26. Bh3 Rc7 27. Nh2 Nc5 28. Qh5 Bc6 29. Rd1 Be8 30. Qe2 h5 31. Bf5 Ne7 32. Ng2 Nxf5 33. exf5 Rxf5 34. g4 hxg4 35. Qxg4 Bg6 36. dxc4 bxc4 37. f4 exf4 38. Nf3 Ne6 39. Rfe1 d3 40. cxd3 c3 41. Rxe6 Qxe6 42. Nxg5 Qb6+ 43. Kh1 c2 44. Rc1 Qf6 45. Ne4 Qb2 46. Nh4 Qxc1+ 47. Kh2 Qh1+ 48. Kxh1 c1=Q+ 0-1

[Event "Commonwealth-ch"]
[Site "New Delhi"]
[Date "2019.07.06"]
[Round "8"]
[White "Arjun Erigaisi"]
[Black "Das Debashis"]
[Result "1-0"]
[EventDate "?"]
[WhiteElo "2526"]
[BlackElo "2544"]
[Source "chessbites.com; date by Chess Assistant 21"]
[PlyCount "74"]

1. d4 Nf6 2. c4 e6 3. Nc3 Bb4 4. Qc2 b6 5. e4 c5 6. d5 O-O 7. Ne2 d6 8. a3 Ba5 9. f3 b5 10. cxb5 exd5 11. exd5 a6 12. Bd2 Bd7 13. bxa6 Nxa6 14. Ng3 Re8+ 15. Be2 Nc7 16. O-O Ncxd5 17. Nxd5 Nxd5 18. Ne4 Bf5 19. Rad1 Re5 20. Bc4 Bxd2 21. Qxd2 Bxe4 22. fxe4 Nf6 23. Qxd6 Qxd6 24. Rxd6 Rxe4 25. Rdxf6 gxf6 26. Bd5 Ree8 27. Bxa8 Rxa8 28. Rxf6 Rb8 29. Rf2 c4 30. Rc2 Kg7 31. Kf2 Kf6 32. Ke3 Ke5 33. Kd2 Kd4 34. Kc1 f5 35. Rf2 c3 36. bxc3+ Kxc3 37. Rxf5 1-0

[Event "Asian Continental"]
[Site "Xingtai CHN"]
[Date "2019.06.15"]
[Round "9.12"]
[White "Arjun Erigaisi"]
[Black "Xiangyu Xu"]
[Result "1/2-1/2"]
[EventDate "2019.06.07"]
[WhiteElo "2526"]
[BlackElo "2583"]
[PlyCount "30"]

1. Nf3 g6 2. d4 Nf6 3. c4 Bg7 4. g3 d5 5. cxd5 Nxd5 6. Bg2 Nb6 7. Nc3 Nc6 8. e3 e5 9. d5 Ne7 10. e4 c6 11. d6 Ng8 12. b3 f6 13. Ba3 Nh6 14. Qd3 Nf7 15. O-O Be6 1/2-1/2